The despatches of Hernando Cortés, the conqueror of Mexico (Record no. 3615)

MARC details
000 -CABECERA
campo de control de longitud fija 00837nam a2200217 a 4500
001 - NÚMERO DE CONTROL
campo de control BRCA_3887
005 - FECHA Y HORA DE LA ÚLTIMA TRANSACCIÓN
campo de control 20190320204449.0
008 - DATOS DE LONGITUD FIJA--INFORMACIÓN GENERAL
campo de control de longitud fija 271209s1843----nyua######---#000-0#eng-#
041 ## - CÓDIGO DE LENGUA
Código de lengua del texto/banda sonora o título independiente eng
044 ## - CÓDIGO DEL PAÍS DE LA ENTIDAD EDITORA/PRODUCTORA
Código MARC del país nyu
050 #4 - SIGNATURA TOPOGRÁFICA DE LA BIBLIOTECA DEL CONGRESO
Número de clasificación F1230
Número de documento/Ítem .C67 1843
100 1# - ENTRADA PRINCIPAL--NOMBRE DE PERSONA
Nombre de persona Cortés, Hernando
Fechas asociadas al nombre 1485-1547.
9 (RLIN) 10111
245 10 - MENCIÓN DE TÍTULO
Título The despatches of Hernando Cortés, the conqueror of Mexico
Resto del título addressed to the emperor Charles V, written during the Conquest, and containing a narrative of its events
Mención de responsabilidad, etc. now first translated into English from the original Spanish, with an introduction and notes by G. Folsom.
260 ## - PUBLICACIÓN, DISTRIBUCIÓN, ETC.
Lugar de publicación, distribución, etc. New York
Nombre del editor, distribuidor, etc. Wiley & Putnam
Fecha de publicación, distribución, etc. 1843
300 ## - DESCRIPCIÓN FÍSICA
Extensión 431 p.
Otras características físicas il.
Dimensiones 1 mapa
500 ## - NOTA GENERAL
Nota general C48
651 #4 - PUNTO DE ACCESO ADICIONAL DE MATERIA--NOMBRE GEOGRÁFICO
Nombre geográfico México
Subdivisión de forma Historia
Subdivisión cronológica Conquista, 1519-1540
9 (RLIN) 10112
700 1# - PUNTO DE ACCESO ADICIONAL--NOMBRE DE PERSONA
Nombre de persona Folsom, George
Fecha de publicación/de la obra 1802-1859
Término indicativo de función/relación tr.
9 (RLIN) 10113
902 ## - CATALOGADOR
Iniciales GFM
942 ## - ELEMENTOS DE PUNTO DE ACCESO ADICIONAL (KOHA)
Fuente del sistema de clasificación o colocación Library of Congress Classification
Tipo de ítem Koha Libros
Holdings
Estado de retiro Estado de pérdida Estado dañado No para préstamo Localización permanente Ubicación/localización actual Fecha de adquisición Número de inventario Total de préstamos Signatura topográfica completa Código de barras Fecha visto por última vez Precio válido a partir de Tipo de ítem Koha
El ejemplar forma parte de la colección y puede ser consultado según las políticas vigentes.       Biblioteca del Museo Franz Mayer (Rogerio Casas-Alatriste) Biblioteca del Museo Franz Mayer (Rogerio Casas-Alatriste) 27/12/2009 C48   F1230 .C67 1843 (C48) 3884 22/03/2019 22/03/2019 Libros